| 000 | 00830cam a2200265 4500 | ||
|---|---|---|---|
| 001 | 14685 | ||
| 003 | BD-RjUL | ||
| 005 | 20211208235654.0 | ||
| 008 | 140208s1969 maua 001 0 eng | ||
| 035 | _a(BD-RjUL)14739 | ||
| 040 |
_aDLC _cDLC _dDLC _dBD-RjUL _beng |
||
| 041 | _aeng | ||
| 082 | 0 | 0 |
_a658.4030684 _bGIM 1969 |
| 100 | 1 |
_aGillis, Floyd E. _945778 |
|
| 245 | 1 | 0 |
_aManagerial economics : _bDecision making under certainty for business and engineering / _c Floyd E. Gillis, Jr. |
| 260 |
_aReading, Mass., _bAddison-Wesley Pub. Co. _cc1969. |
||
| 300 |
_avii, 296 p. : _bill. ; _c24 cm. |
||
| 504 | _aIncludes index. | ||
| 650 | 0 |
_aDecision making. _945779 |
|
| 650 | 0 |
_aIndustrial management. _945780 |
|
| 650 | 0 |
_aIndustrial engineering. _945781 |
|
| 942 |
_2ddc _cBK |
||
| 999 |
_c14685 _d14685 |
||